Podnik a podnikanie - príklady a prípadové štúdie pracovný zošit

Enregistré dans:
Détails bibliographiques
Auteur principal: Deáková, Stanislava, 1974-
Autres auteurs: Kufelová, Iveta, 1970-, Majdúchová, Helena, 1963-, Hontyová, Kajetána, Majtán, Štefan
Format: Livre
Langue:slovaque
Publié: Bratislava Wolters Kluwer 2018
Édition:2. vydanie
Collection:Ekonómia
Sujets:
Tags: Ajouter un tag
Pas de tags, Soyez le premier à ajouter un tag!

MARC

LEADER 00000nam a2200000 4500
001 0248064
005 20240502073951.9
020 |a 978-80-8168-899-7 
020 |a 978-80-8168-900-0 
041 0 |a slo 
044 |a SK 
245 1 0 |a Podnik a podnikanie - príklady a prípadové štúdie  |b pracovný zošit  |c Stanislava Deáková, Iveta Kufelová, Helena Majdúchová ; recenzovali: Kajetána Hontyová, Štefan Majtán 
250 |a 2. vydanie 
264 1 |a Bratislava  |b Wolters Kluwer  |c 2018 
300 |a 257 s. [12,93] 
490 1 |a Ekonómia 
830 0 |a Ekonómia 
610 2 0 |a podnik 
610 2 0 |a podnikanie 
610 2 0 |a motivácia 
610 2 0 |a riziko podnikateľské 
610 2 0 |a prostredie podnikateľské 
610 2 0 |a ciele podnikové 
610 2 0 |a formy podnikov 
610 2 0 |a fúzie 
610 2 0 |a súťaž hospodárska 
610 2 0 |a cyklus podniku životný 
610 2 0 |a štúdie prípadové 
100 1 |a Deáková, Stanislava, 1974- 
700 1 |a Kufelová, Iveta, 1970- 
700 1 |a Majdúchová, Helena, 1963- 
700 1 |a Hontyová, Kajetána 
700 1 |a Majtán, Štefan